[Event "Stay Safe Play From Home 137"]
[Site "T#645928Emanuel Laske"]
[Date "2020.05.10"]
[Round "4"]
[White "Nagaram"]
[Black "SecantFX"]
[Result "0-1"]
[WhiteElo "1524"]
[BlackElo "1839"]
[Annotator "NA RC"]
[PlyCount "52"]
[EventDate "2020.05.10"]
[EventType "swiss (blitz)"]

1. e4 {[%emt 0:00:01]} b6 {[%emt 0:00:00]} 2. Nf3 {[%emt 0:00:00]} Bb7 {[%emt 0:00:00]} 3. Nc3 {[%emt 0:00:00]} c6 {[%emt 0:00:00]} 4. d3 {[%emt 0:00:00]} g6 {[%emt 0:00:00]} 5. Be2 {[%emt 0:00:01]} Bg7 {[%emt 0:00:00]} 6. O-O {[%emt 0:00:00]} e6 {[%emt 0:00:00]} 7. Be3 {[%emt 0:00:01]} Ne7 {[%emt 0:00:00]} 8. d4 {[%emt 0:00:00]} O-O {[%emt 0:00:00]} 9. e5 {[%emt 0:00:01]} f5 {[%emt 0:00:00]} 10. Bg5 {[%emt 0:00:01]} h6 {[%emt 0:00:01]} 11. Be3 {[%emt 0:00:02]} g5 {[%emt 0:00:01]} 12. Qd2 {[%emt 0:00:01]} f4 {[%emt 0:00:00]} 13. Bxf4 {[%emt 0:00:00]} gxf4 {[%emt 0:00:01]} 14. g3 {[%emt 0:00:00]} fxg3 {[%emt 0:00:01]} 15. fxg3 {[%emt 0:00:01]} c5 {[%emt 0:00:01]} 16. Nh4 {[%emt 0:00:02]} Nbc6 {[%emt 0:00:06]} 17. dxc5 {[%emt 0:00:02]} bxc5 {[%emt 0:00:01]} 18. Rxf8+ {[%emt 0:00:02]} Qxf8 {[%emt 0:00:01]} 19. Rf1 {[%emt 0:00:01]} Qe8 {[%emt 0:00:01]} 20. Bg4 {[%emt 0:00:02]} Nd4 {[%emt 0:00:01]} 21. Qd3 {[%emt 0:00:02]} h5 {[%emt 0:00:02]} 22. Be2 {[%emt 0:00:02]} Nef5 {[%emt 0:00:04]} 23. Nxf5 {[%emt 0:00:02]} Nxf5 {[%emt 0:00:01]} 24. Bf3 {[%emt 0:00:04]} Bxf3 {[%emt 0:00:01]} 25. Rxf3 {[%emt 0:00:00]} Bxe5 {[%emt 0:00:01]} 26. Qe3 {[%emt 0:00:01]} Bd4 {[%emt 0:00:01] Nagaram resigns (Lag: Av=0.54s, max=2.6s)} 0-1

[Event "Stay Safe Play From Home 137"]
[Site "T#645928Emanuel Laske"]
[Date "2020.05.10"]
[Round "5"]
[White "XShot"]
[Black "Haris kollari 13"]
[Result "1-0"]
[WhiteElo "2430"]
[BlackElo "1711"]
[Annotator "TA"]
[PlyCount "49"]
[EventDate "2020.05.10"]
[EventType "swiss (blitz)"]

{[%evp 17,48,15,17,5,36,0,0,0,0,-15,19,8,29,0,0,2,172,164,1148,1115,1079,752,1704,1570,29989,29990,29999,938,1014,0,2226,1347,29999]} 1. e3 e6 2. Nf3 c5 3. b3 d5 4. Bb2 Nc6 5. Bb5 Bd7 6. Bxc6 Bxc6 7. O-O Qc7 8. Ne5 {[#]} Bd6 $146 ({Predecessor:} 8... Nf6 9. d3 Bd6 10. f4 O-O-O 11. Nd2 Be8 12. c4 Rg8 13. Ndf3 Nd7 14. cxd5 exd5 15. Rc1 f6 16. Nxd7 Bxd7 17. d4 Kb8 18. dxc5 Bxc5 {0-1 (47) Weil,H-Felderhof,H Klosterneuburg 1934}) 9. f4 Nf6 10. Qe2 {A03: Bird's Opening with 1...d5.} O-O 11. d3 Nd7 {[%cal Rd7e5]} 12. Nxc6 {The position is equal.} bxc6 13. Nd2 f6 14. Qg4 Rae8 15. Nf3 e5 {[%cal Re5f4]} 16. Nh4 f5 $2 (16... exf4 $11 {and Black has nothing to worry.} 17. exf4 d4) 17. Nxf5 $18 {[%csl Gf5][%cal Rg4g7]} Rf7 $2 (17... Nf6 18. Qg5 exf4) 18. Nh6+ Kf8 19. Nxf7 Kxf7 20. fxe5+ {[%mdl 64] Discovered Attack} Kg8 21. exd6 Qxd6 22. Qf5 (22. Qxg7# $142) 22... Rf8 {[#]} 23. Qg4 $1 Ne5 $2 {[%mdl 8192]} (23... Re8 $11 24. Qxg7#) 24. Qg3 Nf7 25. Qxg7# {Accuracy: White = 62%, Black = 25%.} 1-0

[Event "Stay Safe Play From Home 137"]
[Site "T#645928Emanuel Laske"]
[Date "2020.05.10"]
[Round "5"]
[White "SoulofWolf"]
[Black "Weltszmerc"]
[Result "1-0"]
[WhiteElo "2165"]
[BlackElo "2014"]
[Annotator "TA"]
[PlyCount "135"]
[EventDate "2020.05.10"]
[EventType "swiss (blitz)"]

{[%evp 9,135,17,10,-27,-26,-23,-13,-28,-42,-83,-70,-64,-60,-102,-97,-100,-100,-110,-120,-96,-50,-130,-96,-137,-112,-464,-464,-464,-464,-462,-462,-451,-457,-489,-446,-440,-429,-429,-429,-439,-437,-421,-419,-439,-437,-436,-426,-503,-502,-498,-486,-478,-490,-570,-504,-511,-452,-627,-428,-671,-674,-755,-560,-612,-612,-562,-545,-747,-724,-659,-520,-493,0,-612,-493,-471,-470,-421,0,0,0,0,0,-86,0,-88,-23,-27,0,0,0,0,0,0,0,0,0,0,29980,0,0,0,0,0,0,0,0,0,0,0,0,0,0,0,0,0,0,-90,0,-90,-90,-177,-114,-29969,-29971,-29975,-10575,-4610]} 1. d4 Nf6 2. c4 b6 3. Nf3 Bb7 4. g3 e6 5. Bg2 Be7 {[#]} 6. Nh4 $146 {E17: Queen's Indian: 4 g3 Bb7 5 Bg2 Be7.} ({Predecessor:} 6. Nc3 Ne4 7. Bd2 O-O 8. d5 Nxc3 9. Bxc3 Bf6 10. Nd4 c5 11. Nb5 Bxc3+ 12. Nxc3 d6 13. O-O e5 14. f4 exf4 15. gxf4 Nd7 16. e4 a6 17. Qg4 {1-0 (36) Grischuk,A (2777)-Duda,J (2758) Moscow 2019}) 6... Bxg2 7. Nxg2 O-O 8. O-O {The position is equal.} d5 9. b3 dxc4 10. bxc4 c5 11. Bb2 cxd4 12. Bxd4 Nc6 $36 {[%cal Bb8c6,Bc6d4,Bd4e2][%mdl 2080] Keeping White busy.} 13. Bc3 Qxd1 14. Rxd1 Rfd8 15. Rc1 (15. Nd2 $15) 15... Ne4 16. Be1 Nd4 17. Nc3 $2 {[%mdl 8192]} (17. Kf1 $17) 17... Nxc3 $19 18. Bxc3 Nxe2+ {[%mdl 64] Double Attack} 19. Kf1 Nxc1 20. Rxc1 Rac8 21. Be1 Ba3 22. Rc2 Rd1 23. Ke2 Rd4 24. Ne3 f5 25. Bc3 Rd7 26. Be5 Bc5 27. Nf1 Kf7 28. Bb2 Bd4 29. Ba3 e5 30. Nd2 e4 31. Nf1 Bc5 32. Bb2 Rcd8 33. Nd2 Bd4 34. Ba3 {[#]} (34. Bc1 $142) 34... Bxf2 $1 35. Nb3 (35. Kxf2 Rxd2+) 35... Bc5 36. Bxc5 bxc5 37. Nxc5 {[%mdl 4096] Endgame KRR-KRN} Rc7 38. Na6 Rc6 39. Nb4 Rb6 40. Nd5 Rc6 $2 ({Black should try} 40... Ra6 $19 {And now ...Rc8 would win.} 41. Ke3 Ra3+ 42. Kd4 Ke6) 41. Ne3 $2 {[%mdl 8192]} (41. Nb4 $11 Rc5 42. Na6) 41... Rd3 42. Nxf5 Kf6 43. Ne3 Rxe3+ $2 (43... Ra3 $19 44. Kd2 Rd6+ 45. Ke2 Rda6 46. Nd5+ Ke5) 44. Kxe3 {KR-KR} Ke5 45. a4 a5 46. h3 {[#]} (46. Rb2 $11) 46... h5 (46... Rg6 $1 $17 {[%cal Rg6g3]} 47. Kf2 {[#]} e3+ $1 {[%mdl 576] Deflection, Decoy} 48. Kxe3 Rxg3+ {[%mdl 64] Double Attack} 49. Kf2 Rxh3) 47. g4 (47. Rb2 $11) 47... hxg4 ({Better is} 47... Rd6 $17 48. gxh5 Rd3+ 49. Kf2 Rxh3) 48. hxg4 $11 g5 (48... Rh6 $5 {[%cal Rh6h3]} 49. Rc1 Rh3+ 50. Ke2 Kd4 51. Rd1+ Rd3 $17) 49. Rc3 Rc5 50. Rc1 Rc6 51. Rc2 Rc7 52. c5 Kd5 53. Rd2+ Kxc5 $2 {[%mdl 8192]} (53... Ke5 $11) 54. Kxe4 $2 (54. Rc2+ {mates} Kd6 55. Rxc7 Kxc7 56. Kxe4 Kd6 57. Kf5 Kd7 58. Kxg5 Ke8 59. Kg6) 54... Kb4 55. Rd4+ Kb3 56. Kf5 $1 {[%cal Rf5g5]} Rc5+ 57. Kg6 Kc3 58. Re4 Kb3 59. Kh5 Ka3 60. Rd4 Kb3 61. Kg6 Ka3 62. Re4 Kb3 63. Re1 (63. Kh5 $11 {remains equal.}) 63... Ka3 (63... Kxa4 $17 {Hoping for ...Kb3.} 64. Kh6 Kb5 65. Rb1+ Kc6) 64. Rb1 (64. Re4 $11) 64... Kxa4 $17 {aiming for ...Ka3.} 65. Rg1 (65. Kh5 $17) 65... Kb4 (65... Kb3 $19 66. Kh5 a4 67. Rb1+ Kc3 68. Rc1+ Kb4 69. Rb1+ Ka5) 66. Rg2 $2 {[%mdl 8192]} (66. Rb1+ $17 Ka3 67. Kh5) 66... a4 67. Kh5 Ka5 (67... a3 $142 68. Kg6 Ra5 69. Kh5 Kc4 70. Kg6 a2 71. Rg1 a1=Q 72. Rxa1 Rxa1 73. Kxg5 Rf1 74. Kh6 Kd5 75. Kg5 Ke5 76. Kh4 Kf6 77. g5+ Kg6 78. Kg3 Kxg5 79. Kg2 Rf4 80. Kg3 Rf8 81. Kh3 Kf4 82. Kg2 Kg4 83. Kh1 Kh3 84. Kg1 Kg3 85. Kh1 Rf1#) 68. Ra2 {[%mdl 32768] What a fight! Accuracy: White = 52%, Black = 63%. . Loss on time!?} 1-0

[Event "Stay Safe Play From Home 137"]
[Site "T#645928Emanuel Laske"]
[Date "2020.05.10"]
[Round "5"]
[White "Greblha"]
[Black "Tropic Thunder"]
[Result "1-0"]
[WhiteElo "1964"]
[BlackElo "2191"]
[Annotator "TA"]
[PlyCount "133"]
[EventDate "2020.05.10"]
[EventType "swiss (blitz)"]

{[%evp 9,133,44,59,42,43,41,41,43,37,14,37,0,17,16,61,58,358,364,362,347,368,297,285,293,314,315,368,365,351,344,345,305,391,297,508,500,504,513,522,410,414,414,433,415,404,409,458,420,519,522,518,514,498,329,325,318,310,264,357,339,377,369,1645,1681,1172,1116,1816,1761,29975,29976,29975,29977,29976,29975,29979,29980,29984,29985,29985,29984,29984,29980,29986,29987,29987,29988,29988,29984,29984,29985,29985,29986,29986,29987,29987,29988,29988,29989,29989,29990,29991,29992,29992,29993,29993,29992,29993,29993,29993,29994,29994,29995,29995,29996,29996,29996,29996,29996,29996,29997,29997,29997,29997,29998,29998,29999]} 1. e4 Nf6 2. e5 Nd5 3. d4 Nb6 4. c3 d6 {[#]} 5. exd6 $146 ({Predecessor:} 5. f4) 5... cxd6 6. Nf3 {B03: Alekhine's Defence: Four Pawns Attack.} g6 7. Be2 Bg7 8. O-O {White is slightly better.} O-O 9. Be3 Nc6 10. Nbd2 Bf5 11. Nc4 e5 12. Nxb6 e4 $2 {[%mdl 8192] This costs Black the game.} ({Black should play} 12... axb6 $14 13. d5 Nb8) 13. Nxa8 $18 exf3 14. Bxf3 Qxa8 15. Bxc6 bxc6 16. Qd2 Qe8 17. Bh6 Qe4 18. Bxg7 Kxg7 19. f3 Qh4 20. Qf2 Qh6 21. Qg3 Be6 $2 (21... Qe3+ 22. Qf2 Qxf2+ 23. Kxf2 Rb8) 22. Qxd6 Qe3+ 23. Kh1 h5 24. Qe5+ Qxe5 25. dxe5 {[%mdl 4096] Endgame KRR-KRB} h4 26. Rad1 Rb8 27. b3 a5 28. Rd6 a4 29. Rxc6 axb3 30. axb3 Rxb3 31. c4 Rc3 32. c5 h3 33. Re1 hxg2+ 34. Kxg2 Bd5 35. Rc7 {[#] Hoping for e6.} Bxf3+ $2 (35... Kh6 36. Kf2 Kg5) 36. Kf2 Bd5 37. e6 Rf3+ 38. Ke2 Rf6 39. Rxf7+ {White mates.} Rxf7 40. exf7 Kxf7 {KR-KB} 41. Kd3 g5 42. Kd4 Bf3 43. Rf1 g4 44. Rf2 Ke7 45. Ke3 Kd7 46. Rxf3 gxf3 47. Kxf3 {KP-KP} Kc6 48. Kf4 Kxc5 {KP-K} 49. Kf5 Kd6 {[#]} 50. Kf6 $1 Kd7 51. Kf7 Kd6 52. h4 Ke5 53. h5 Kf5 54. h6 Kg5 55. h7 Kf4 56. h8=Q Ke4 57. Qf6 Ke3 58. Ke6 Kd3 59. Qe5 Kd2 60. Kd5 Kc2 61. Qd4 Kb3 62. Qe3+ Kb2 63. Qd3 Kc1 64. Kc4 Kb2 65. Qc3+ Kb1 66. Qd2 Ka1 67. Kb3 {Accuracy: White = 79%, Black = 55%.} 1-0

[Event "Stay Safe Play From Home 137"]
[Site "T#645928Emanuel Laske"]
[Date "2020.05.10"]
[Round "5"]
[White "Fischer_11"]
[Black "Sfantul321"]
[Result "0-1"]
[WhiteElo "1963"]
[BlackElo "1904"]
[Annotator "TA"]
[PlyCount "108"]
[EventDate "2020.05.10"]
[EventType "swiss (blitz)"]

{[%evp 10,108,70,36,69,75,126,81,110,74,79,92,90,81,85,95,108,100,105,74,81,94,131,128,163,162,169,145,153,137,136,147,154,118,547,545,891,887,1152,790,806,777,29987,484,480,379,288,242,245,160,366,295,29992,202,185,241,233,222,223,183,313,258,572,572,433,318,383,370,369,362,260,8,8,0,8,8,18,-29986,-29987,-29987,-29988,-29988,-29989,-29989,-29988,-29988,-29989,-29989,-29989,-29989,-29990,-29993,-29991,-29991,-29992,-29995,-29994,-29994,-29995,-29998,-29999]} 1. e4 g6 2. d4 Bg7 3. Nc3 d6 4. Bg5 Nf6 5. Qd2 h6 6. Bh4 g5 {B07: Pirc Defence: Miscellaneous Systems.} 7. Bg3 O-O (7... Nh5 $142) 8. O-O-O {[#]} Nc6 $146 {White is better.} ({Predecessor:} 8... Nh5 9. Nge2 b5 10. Nxb5 Ba6 11. Qa5 Bxb5 12. Qxb5 Nd7 13. Qa5 Nb6 14. Ng1 c5 15. dxc5 Bxb2+ {0-1 (40) Van Houwelingen,L (2039)-Offringa,J (2241) Amsterdam 2014}) 9. d5 Ne5 10. f4 gxf4 11. Bxf4 Kh7 12. Nf3 Nh5 13. Bxe5 dxe5 14. h3 Ng3 15. Rg1 Bd7 16. Kb1 a6 17. Qf2 Nxf1 18. Rgxf1 (18. Rdxf1 $6 e6 $16) 18... b5 {[%cal Bb7b5,Bb5b4][%mdl 32]} 19. g4 b4 20. Ne2 a5 21. g5 h5 $2 {[%mdl 8192]} (21... f6 $16 {is more resistant.}) 22. Ng3 $18 a4 23. Nxh5 b3 24. cxb3 axb3 25. a3 Qb8 {[#]} 26. Nxg7 (26. Nf6+ $142 $1 {[%mdl 512]} exf6 27. Qh4+ Kg8 28. gxf6 Bf5 29. fxg7 Kxg7 30. exf5 Rg8 31. Rg1+ Kf8 32. Rxg8+ Kxg8 33. Rg1+ Kf8 34. f6 Ke8 35. Nxe5 Qb4 36. Qxb4 Kd8 37. Rg8#) 26... Kxg7 27. Nh4 Qb5 28. Nf5+ Bxf5 29. Qxf5 {Hoping for Rf2.} Qc4 $2 (29... Qe2 $16 30. Qxe5+ Kg8) 30. Qxe5+ {[%mdl 64] [#] Double Attack} f6 $2 (30... Kg8 $18 31. Rc1 (31. Qxe7 Qc2+ 32. Ka1 Rfe8 $11) 31... Qe2 32. Qxe7 Rae8 33. Qxc7 Qxe4+ 34. Ka1 Qxd5) 31. Qc3 $2 (31. gxf6+ {mates} Rxf6 32. Qxe7+ Kh8 33. Qxf6+ Kh7 34. Qh4+ Kg8 35. Rg1+ Kf8 36. Qf6+ Ke8 37. Rg8+ Kd7 38. Qe6#) 31... Qxc3 32. bxc3 Rxa3 33. gxf6+ exf6 {[%mdl 4096] Endgame KRR-KRR} 34. Kb2 Rfa8 (34... Ra4 {might work better.} 35. Rd4 (35. Kxb3 Rxe4 36. Rf5 Rh4 $16) 35... Rfa8 36. Rg1+ Kf8 37. Rxa4 Rxa4) 35. Ra1 Rxa1 $2 (35... Ra2+ {is a better chance.} 36. Rxa2 bxa2) 36. Rxa1 {KR-KR} Re8 37. Re1 Rb8 38. c4 Kg6 39. Re3 Rb4 40. Rxb3 $2 (40. c5 $18) 40... Rxc4 $11 41. Rc3 Rd4 42. Rxc7 {Black must now prevent Re7.} Rxe4 43. Rc4 $2 {[%mdl 8192]} (43. Kc3 $11) 43... Rxc4 {KR-KPP. Black mates.} 44. Kb3 Rd4 45. h4 Rxd5 {KR-KP} 46. Kc4 Rh5 47. Kd3 Rxh4 {KR-K} 48. Ke3 Kg5 49. Kf3 Rh3+ 50. Kg2 Kg4 51. Kf2 f5 52. Kg2 f4 53. Kf1 f3 54. Kg1 Kg3 {Accuracy: White = 49%, Black = 40%.} 0-1

[Event "Stay Safe Play From Home 137"]
[Site "T#645928Emanuel Laske"]
[Date "2020.05.10"]
[Round "5"]
[White "SecantFX"]
[Black "Chase the sun"]
[Result "1-0"]
[WhiteElo "1844"]
[BlackElo "1784"]
[Annotator "NA RC"]
[PlyCount "33"]
[EventDate "2020.05.10"]
[EventType "swiss (blitz)"]

1. g3 {[%emt 0:00:00]} e5 {[%emt 0:00:01]} 2. Bg2 {[%emt 0:00:00]} f5 {[%emt 0:00:01]} 3. b3 {[%emt 0:00:01]} Nc6 {[%emt 0:00:00]} 4. Bb2 {[%emt 0:00:00]} d6 {[%emt 0:00:00]} 5. d3 {[%emt 0:00:00]} Nf6 {[%emt 0:00:01]} 6. Nd2 {[%emt 0:00:00]} Be7 {[%emt 0:00:01]} 7. f3 {[%emt 0:00:00]} O-O {[%emt 0:00:01]} 8. e4 {[%emt 0:00:00]} Qe8 {[%emt 0:00:01]} 9. Ne2 {[%emt 0:00:01]} fxe4 {[%emt 0:00:02]} 10. Nxe4 {[%emt 0:00:01]} Nxe4 {[%emt 0:00:01]} 11. dxe4 {[%emt 0:00:00]} Qg6 {[%emt 0:00:02]} 12. O-O {[%emt 0:00:01]} Qh6 {[%emt 0:00:02]} 13. Bc1 {[%emt 0:00:01]} Qh5 {[%emt 0:00:01]} 14. g4 {[%emt 0:00:01]} Bxg4 {[%emt 0:00:03]} 15. Ng3 {[%emt 0:00:00]} Qh4 {[%emt 0:00:02]} 16. fxg4 {[%emt 0:00:01]} Qxg4 {[%emt 0:00:01]} 17. Qxg4 {[%emt 0:00:01] Chase the sun gibt auf (Lag: Av=0.35s, max=0.5s)} 1-0

[Event "Stay Safe Play From Home 137"]
[Site "T#645928Emanuel Laske"]
[Date "2020.05.10"]
[Round "5"]
[White "Trotsky"]
[Black "Zacko1"]
[Result "0-1"]
[WhiteElo "1678"]
[BlackElo "1812"]
[Annotator "NA RC"]
[PlyCount "52"]
[EventDate "2020.05.10"]
[EventType "swiss (blitz)"]

1. d4 {[%emt 0:00:01]} g6 {[%emt 0:00:01]} 2. e3 {[%emt 0:00:00]} Bg7 {[%emt 0:00:00]} 3. c4 {[%emt 0:00:01]} d6 {[%emt 0:00:01]} 4. Nc3 {[%emt 0:00:01]} Nd7 {[%emt 0:00:00]} 5. Bd3 {[%emt 0:00:01]} Ngf6 {[%emt 0:00:00]} 6. Qc2 {[%emt 0:00:01]} O-O {[%emt 0:00:00]} 7. Nf3 {[%emt 0:00:01]} e5 {[%emt 0:00:00]} 8. Ng5 {[%emt 0:00:01]} exd4 {[%emt 0:00:01]} 9. exd4 {[%emt 0:00:01]} Re8+ {[%emt 0:00:00]} 10. Be3 {[%emt 0:00:01]} Ng4 {[%emt 0:00:02]} 11. h4 {[%emt 0:00:01]} Nxe3 {[%emt 0:00:01]} 12. fxe3 {[%emt 0:00:01]} Rxe3+ {[%emt 0:00:01]} 13. Ne2 {[%emt 0:00:01]} h6 {[%emt 0:00:01]} 14. Bxg6 {[%emt 0:00:02]} hxg5 {[%emt 0:00:01]} 15. hxg5 {[%emt 0:00:02]} fxg6 {[%emt 0:00:01]} 16. Qxg6 {[%emt 0:00:02]} Nf8 {[%emt 0:00:00]} 17. Qh5 {[%emt 0:00:04]} Qe8 {[%emt 0:00:03]} 18. O-O-O {[%emt 0:00:13]} Qxh5 {[%emt 0:00:03]} 19. Rxh5 {[%emt 0:00:01]} Rxe2 {[%emt 0:00:01]} 20. Rd3 {[%emt 0:00:03]} Bf5 {[%emt 0:00:02]} 21. Rf3 {[%emt 0:00:02]} Bg6 {[%emt 0:00:02]} 22. Rh4 {[%emt 0:00:02]} Rxg2 {[%emt 0:00:02]} 23. Rhf4 {[%emt 0:00:04]} Re8 {[%emt 0:00:02]} 24. Rf1 {[%emt 0:00:02]} Ree2 {[%emt 0:00:02]} 25. Kd1 {[%emt 0:00:06]} Rxb2 {[%emt 0:00:01]} 26. Ke1 {[%emt 0:00:02]} Rb1# {[%emt 0:00:01] (Lag: Av=0.19s, max=0.3s)} 0-1

[Event "Stay Safe Play From Home 137"]
[Site "T#645928Emanuel Laske"]
[Date "2020.05.10"]
[Round "5"]
[White "Emresenar"]
[Black "NeatFox"]
[Result "1-0"]
[WhiteElo "1558"]
[BlackElo "1768"]
[Annotator "NA RC"]
[PlyCount "77"]
[EventDate "2020.05.10"]
[EventType "swiss (blitz)"]

1. b3 {[%emt 0:00:02]} b6 {[%emt 0:00:00]} 2. Bb2 {[%emt 0:00:00]} Bb7 {[%emt 0:00:00]} 3. Nf3 {[%emt 0:00:01]} g6 {[%emt 0:00:02]} 4. g3 {[%emt 0:00:01]} Nf6 {[%emt 0:00:01]} 5. Bg2 {[%emt 0:00:01]} Bg7 {[%emt 0:00:01]} 6. O-O {[%emt 0:00:01]} Nc6 {[%emt 0:00:06]} 7. d4 {[%emt 0:00:01]} d5 {[%emt 0:00:01]} 8. Re1 {[%emt 0:00:01]} e6 {[%emt 0:00:01]} 9. c4 {[%emt 0:00:00]} O-O {[%emt 0:00:01]} 10. Nc3 {[%emt 0:00:01]} dxc4 {[%emt 0:00:01]} 11. bxc4 {[%emt 0:00:01]} Qe7 {[%emt 0:00:03]} 12. e4 {[%emt 0:00:01]} Nd7 {[%emt 0:00:01]} 13. Nb5 {[%emt 0:00:01]} Rfc8 {[%emt 0:00:03]} 14. e5 {[%emt 0:00:01]} a6 {[%emt 0:00:01]} 15. Nc3 {[%emt 0:00:01]} Rf8 {[%emt 0:00:01]} 16. Ne4 {[%emt 0:00:00]} Nb4 {[%emt 0:00:03]} 17. Ba3 {[%emt 0:00:02]} a5 {[%emt 0:00:02]} 18. Qa4 {[%emt 0:00:03]} Bxe4 {[%emt 0:00:03]} 19. Rxe4 {[%emt 0:00:01]} f5 {[%emt 0:00:03]} 20. exf6 {[%emt 0:00:02]} Nxf6 {[%emt 0:00:01]} 21. Re2 {[%emt 0:00:04]} Qe8 {[%emt 0:00:03]} 22. Qxe8 {[%emt 0:00:04]} Rfxe8 {[%emt 0:00:01]} 23. Bxb4 {[%emt 0:00:00]} axb4 {[%emt 0:00:00]} 24. Ng5 {[%emt 0:00:02]} e5 {[%emt 0:00:06]} 25. Bxa8 {[%emt 0:00:02]} Rxa8 {[%emt 0:00:01]} 26. dxe5 {[%emt 0:00:00]} Ng4 {[%emt 0:00:01]} 27. Rae1 {[%emt 0:00:05]} Bxe5 {[%emt 0:00:02]} 28. Rxe5 {[%emt 0:00:01]} Nxe5 {[%emt 0:00:00]} 29. Rxe5 {[%emt 0:00:00]} Rxa2 {[%emt 0:00:01]} 30. Rb5 {[%emt 0:00:00]} Ra1+ {[%emt 0:00:01]} 31. Kg2 {[%emt 0:00:01]} Rb1 {[%emt 0:00:00]} 32. Ne6 {[%emt 0:00:01]} b3 {[%emt 0:00:01]} 33. Nxc7 {[%emt 0:00:01]} b2 {[%emt 0:00:01]} 34. Rxb6 {[%emt 0:00:01]} Kg7 {[%emt 0:00:02]} 35. c5 {[%emt 0:00:01]} Kh6 {[%emt 0:00:01]} 36. Nd5 {[%emt 0:00:01]} Rc1 {[%emt 0:00:01]} 37. Rxb2 {[%emt 0:00:02]} Rxc5 {[%emt 0:00:01]} 38. Rd2 {[%emt 0:00:00]} Rc8 {[%emt 0:00:01]} 39. Ne3 {[%emt 0:00:00] Zeit (Lag: Av=0.63s, max=1.0s)} 1-0

[Event "Stay Safe Play From Home 137"]
[Site "T#645928Emanuel Laske"]
[Date "2020.05.10"]
[Round "5"]
[White "Nagaram"]
[Black "Haxhi Baha"]
[Result "0-1"]
[WhiteElo "1519"]
[BlackElo "1915"]
[Annotator "RC"]
[PlyCount "76"]
[EventDate "2020.05.10"]
[EventType "swiss (blitz)"]

1. e4 {[%emt 0:00:02]} c5 {[%emt 0:00:01]} 2. Nf3 {[%emt 0:00:01]} Nc6 {[%emt 0:00:00]} 3. d4 {[%emt 0:00:01]} cxd4 {[%emt 0:00:00]} 4. Nxd4 {[%emt 0:00:00]} g6 {[%emt 0:00:00]} 5. Nc3 {[%emt 0:00:02]} Bg7 {[%emt 0:00:01]} 6. Nxc6 {[%emt 0:00:00]} bxc6 {[%emt 0:00:01]} 7. Bf4 {[%emt 0:00:00]} d6 {[%emt 0:00:01]} 8. Bd3 {[%emt 0:00:03]} Nf6 {[%emt 0:00:01]} 9. O-O {[%emt 0:00:01]} O-O {[%emt 0:00:00]} 10. e5 {[%emt 0:00:02]} dxe5 {[%emt 0:00:01]} 11. Bxe5 {[%emt 0:00:00]} Qa5 {[%emt 0:00:01]} 12. Bxf6 {[%emt 0:00:02]} Bxf6 {[%emt 0:00:01]} 13. Qd2 {[%emt 0:00:03]} Bg7 {[%emt 0:00:01]} 14. a3 {[%emt 0:00:02]} Rb8 {[%emt 0:00:01]} 15. b4 {[%emt 0:00:01]} Qh5 {[%emt 0:00:01]} 16. Be2 {[%emt 0:00:01]} Qh4 {[%emt 0:00:01]} 17. g3 {[%emt 0:00:02]} Qf6 {[%emt 0:00:03]} 18. Ne4 {[%emt 0:00:05]} Qxa1 {[%emt 0:00:01]} 19. Rxa1 {[%emt 0:00:02]} Bxa1 {[%emt 0:00:00]} 20. c3 {[%emt 0:00:01]} Bf5 {[%emt 0:00:02]} 21. Nc5 {[%emt 0:00:04]} Rbd8 {[%emt 0:00:08]} 22. Qc1 {[%emt 0:00:05]} Rd5 {[%emt 0:00:04]} 23. Qxa1 {[%emt 0:00:02]} Rfd8 {[%emt 0:00:00]} 24. g4 {[%emt 0:00:04]} Bc8 {[%emt 0:00:02]} 25. Kg2 {[%emt 0:00:01]} Rd2 {[%emt 0:00:01]} 26. Bf3 {[%emt 0:00:01]} e5 {[%emt 0:00:01]} 27. Ne4 {[%emt 0:00:03]} Rc2 {[%emt 0:00:02]} 28. Nf6+ {[%emt 0:00:00]} Kg7 {[%emt 0:00:00]} 29. g5 {[%emt 0:00:01]} Rdd2 {[%emt 0:00:01]} 30. Qe1 {[%emt 0:00:03]} Rxf2+ {[%emt 0:00:02]} 31. Qxf2 {[%emt 0:00:00]} Rxf2+ {[%emt 0:00:00]} 32. Kxf2 {[%emt 0:00:00]} h6 {[%emt 0:00:01]} 33. Ke3 {[%emt 0:00:00]} hxg5 {[%emt 0:00:01]} 34. Ne4 {[%emt 0:00:00]} Kh6 {[%emt 0:00:01]} 35. Bg2 {[%emt 0:00:00]} f5 {[%emt 0:00:01]} 36. Nd6 {[%emt 0:00:01]} e4 {[%emt 0:00:02]} 37. Nf7+ {[%emt 0:00:00]} Kh5 {[%emt 0:00:02]} 38. Ne5 {[%emt 0:00:00]} Be6 {[%emt 0:00:01] Time (Lag: Av=0.86s, max=1.2s) .} 0-1

[Event "Stay Safe Play From Home 137"]
[Site "T#645928Emanuel Laske"]
[Date "2020.05.10"]
[Round "6"]
[White "Mepe_Nika"]
[Black "SoulofWolf"]
[Result "1-0"]
[WhiteElo "2303"]
[BlackElo "2175"]
[Annotator "TA"]
[PlyCount "49"]
[EventDate "2020.05.10"]
[EventType "swiss (blitz)"]

{[%evp 9,48,33,31,21,37,34,60,30,21,14,30,25,52,57,42,28,36,42,41,27,100,84,754,752,752,701,727,716,2114,2025,1914,1998,29991,848,29992,29993,29997,29998,29998,29999,29999]} 1. d4 e6 2. e4 Ne7 3. Bd3 d5 4. Ne2 {[#]} dxe4 $146 ({Predecessor:} 4... b6 5. c3 Qd7 6. O-O Bb7 7. exd5 Nxd5 8. a3 Nc6 9. b4 Be7 10. Nd2 Nxc3 11. Nxc3 Qxd4 {1-0 (36) Will,J (2036)-Stierle,M (1893) Bad Homburg 2016}) 5. Bxe4 Nbc6 6. Be3 {C01: French: Exchange Variation.} g6 7. h4 h5 8. Nd2 {White is slightly better.} Bg7 9. Nf3 O-O 10. Qd2 Nf5 11. Bxf5 exf5 12. Bh6 Re8 {Threatens to win with ...Nxd4.} 13. Bxg7 Kxg7 14. O-O Qe7 (14... Be6 $11) 15. Nf4 {Strongly threatening Rfe1.} b6 $2 {[%mdl 8192] Loses the game.} (15... Qd6 $16) 16. Rfe1 $18 Qd8 17. Rxe8 Qxe8 18. Re1 {Threatening mate with Nxh5+!} Qd7 {[#]} 19. Nxh5+ $1 {[%mdl 512]} gxh5 20. Qg5+ {[%mdl 64] Double Attack} Kf8 21. Qh6+ Kg8 22. Ng5 {White mates.} f6 23. Qg6+ Kf8 24. Nh7+ {[%mdl 64] [#] Overworked Piece} Qxh7 25. Re8# {Accuracy: White = 94%, Black = 46%.} 1-0